006110000a220009700045001000028000002450051000283000054000795000040001335200295001737730045004681 aHernández Mora, Salud10aLa diva que morirá de rabia : Oriana Fallaci aVol.0, núm.2 (Noviembre, 2005), Páginas 24-25 aPeriodista, columnista de El Tiempo aDespués del 11 de septiembre reverdecieron la rabia e independencia que hicieron famosa a la legendaria periodista italiana. Demandada por difamar el Islam y atacada por un cáncer, acaba de publicar Oriana Fallaci se entrevista a sí misma, el último libro de su alevosa trilogía.0 tArcadia / Andrés Felipe Solano, Editor